Innovative clusters in the London region: theoretical perspectives and initial empirical evidence (Record no. 101047)

MARC details
000 -LEADER
fixed length control field 00779cam a2200289 4500
008 - FIXED-LENGTH DATA ELEMENTS--GENERAL INFORMATION
fixed length control field 000000n2000 000 0 eng u
020 ## - INTERNATIONAL STANDARD BOOK NUMBER
International Standard Book Number 0863421148
035 ## - SYSTEM CONTROL NUMBER
System control number (Sirsi) u110096
041 ## - LANGUAGE CODE
Language code of text/sound track or separate title 711.52
100 ## - MAIN ENTRY--PERSONAL NAME
Personal name Simmie, James
245 ## - TITLE STATEMENT
Title Innovative clusters in the London region: theoretical perspectives and initial empirical evidence
260 ## - PUBLICATION, DISTRIBUTION, ETC.
Place of publication, distribution, etc. Oxford
Name of publisher, distributor, etc. Oxford Brookes University
Date of publication, distribution, etc. 2000
300 ## - PHYSICAL DESCRIPTION
Extent 77p. ; 30cm.
350 ## - PRICE (NR) (BK AM CF MU VM SE) [OBSOLETE]
Price 8.00
490 ## - SERIES STATEMENT
Series statement Working Paper
Volume/sequential designation No.185
650 ## - SUBJECT ADDED ENTRY--TOPICAL TERM
Topical term or geographic name entry element CITIES
650 ## - SUBJECT ADDED ENTRY--TOPICAL TERM
Topical term or geographic name entry element INNOVATION
650 ## - SUBJECT ADDED ENTRY--TOPICAL TERM
Topical term or geographic name entry element ECONOMIC GROWTH
650 ## - SUBJECT ADDED ENTRY--TOPICAL TERM
Topical term or geographic name entry element SOCIAL ISSUES
650 ## - SUBJECT ADDED ENTRY--TOPICAL TERM
Topical term or geographic name entry element LONDON
650 ## - SUBJECT ADDED ENTRY--TOPICAL TERM
Topical term or geographic name entry element CLUSTERS
690 ## - LOCAL SUBJECT ADDED ENTRY--TOPICAL TERM (OCLC, RLIN)
Topical term or geographic name as entry element ECONOMIC ISSUES
700 ## - ADDED ENTRY--PERSONAL NAME
Personal name Hart, Douglas
700 ## - ADDED ENTRY--PERSONAL NAME
Personal name Sennett, James
700 ## - ADDED ENTRY--PERSONAL NAME
Personal name Wood, Peter
942 ## - ADDED ENTRY ELEMENTS (KOHA)
Suppress in OPAC 0
Holdings
Withdrawn status Lost status Source of classification or shelving scheme Damaged status Not for loan Home library Current library Shelving location Date acquired Cost, normal purchase price Total Checkouts Full call number Barcode Date last seen Copy number Cost, replacement price Price effective from Koha item type
    Dewey Decimal Classification     London London Folio 03/01/2001 6.00   F711.52 SIM 30063139 06/08/2019 1 6.00 06/08/2019 Book